000 00419nam a2200157Ia 4500
008 230711s9999||||xx |||||||||||||| ||und||
041 _aENG
082 _a5
_bLA-O
100 _aLafore,Robert
245 4 _aThe waite groups : object oriented programming in turbo C++
250 _a1st Ed.
260 _c2007
_aNew Delhi
_bGalgotia Publications Pvt.Ltd
300 _a739
650 _aComputer Engineering
942 _cBK
999 _c4696
_d4696